HIT ME HARD AND SOFT all songs - Statistics

General Stats
  • This quiz has been taken 55 times
  • The average score is 9 of 10
Answer Stats
Number Song Title % Correct
Song 2 LUNCH
100%
Song 4 BIRDS OF A FEATHER
94%
Song 10 BLUE
94%
Song 6 THE GREATEST
94%
Song 5 WILDFLOWER
92%
Song 1 SKINNY
89%
Song 8 THE DINER
89%
Song 3 CHIHIRO
83%
Song 7 L'AMOUR DE MA VIE
81%
Song 9 BITTERSUITE
78%
No matching quizzes found
Score Distribution
Percent of People with Each Score
Percentile by Number Answered
Your Score History
You have not taken this quiz